00000000nam 2200000za 4500
0019.605615
003CaOODSP
00520210624212214
007cr |||||||||||
008150406|1991||||xxc|||||o    f|0| 0 fre d
040 |aCaOODSP|bfre
043 |an-cn---
0861 |aJS74-3/7-1991F-PDF
24500|aConduite en dehors des heures de service |h[ressource électronique].
260 |aOttawa : |bComité externe d'examen de la Gendarmerie royale du Canada, |c[1991?].
300 |a73 p.
4901 |aDocument de recherche ; |v7
590 |a13-11-Supp|b2013-04-26
7101 |aCanada. |bComité externe d'examen de la Gendarmerie royale du Canada.
77508|tOff-duty conduct |w(CaOODSP)9.576408
830#0|aDocument de recherche (Comité externe d'examen de la Gendarmerie royale du Canada)|v7|w(CaOODSP)9.503864
85640|ahttp://publications.gc.ca|qPDF|s207 Ko|uhttps://publications.gc.ca/collections/collection_2013/cee-erc/JS74-3-7-1991-fra.pdf|y7